MARC details
| 000 -LEADER |
| fixed length control field |
03604cam a22005897i 4500 |
| 001 - CONTROL NUMBER |
| control field |
data |
| 005 - DATE AND TIME OF LATEST TRANSACTION |
| control field |
20260322212102.0 |
| 008 - FIXED-LENGTH DATA ELEMENTS--GENERAL INFORMATION |
| fixed length control field |
data |
| 035 ## - SYSTEM CONTROL NUMBER |
| System control number |
20281638 |
| 010 ## - LIBRARY OF CONGRESS CONTROL NUMBER |
| LC control number |
2017297132 |
| 016 7# - NATIONAL BIBLIOGRAPHIC AGENCY CONTROL NUMBER |
| Record control number |
101703328 |
| Source |
DNLM |
| 016 7# - NATIONAL BIBLIOGRAPHIC AGENCY CONTROL NUMBER |
| Record control number |
1076750222 |
| Source |
GyFmDB |
| 020 ## - INTERNATIONAL STANDARD BOOK NUMBER |
| International Standard Book Number |
9783847105121 |
| Qualifying information |
(hardcover : alk. paper) |
| 020 ## - INTERNATIONAL STANDARD BOOK NUMBER |
| International Standard Book Number |
3847105124 |
| Qualifying information |
(hardcover : alk. paper) |
| 024 3# - OTHER STANDARD IDENTIFIER |
| Standard number or code |
9783847105121 |
| 035 ## - SYSTEM CONTROL NUMBER |
| System control number |
(OCoLC)973875731 |
| 040 ## - CATALOGING SOURCE |
| Original cataloging agency |
NLM |
| Language of cataloging |
eng |
| Transcribing agency |
NLM |
| Description conventions |
rda |
| Modifying agency |
DLC |
| -- |
OCLCF |
| -- |
OHX |
| -- |
OCLCO |
| -- |
VGM |
| -- |
OCL |
| -- |
NLM |
| -- |
OCLCO |
| -- |
OCLCA |
| -- |
DLC |
| 050 00 - LIBRARY OF CONGRESS CALL NUMBER |
| Classification number |
RT85 |
| Item number |
.C78 2017 |
| 060 00 - NATIONAL LIBRARY OF MEDICINE CALL NUMBER |
| Classification number |
2017 C-313 |
| 060 10 - NATIONAL LIBRARY OF MEDICINE CALL NUMBER |
| Classification number |
WY 86 |
| 072 #7 - SUBJECT CATEGORY CODE |
| Subject category code |
RT |
| Source |
lcco |
| 245 00 - TITLE STATEMENT |
| Title |
Critical approaches in nursing theory and nursing research : |
| Remainder of title |
implications for nursing practice / |
| Statement of responsibility, etc. |
Thomas Foth, Dave Holmes, Manfred Hülsken-Giesler, Susanne Kreutzer, Hartmut Remmers (eds.). |
| 264 #1 - PRODUCTION, PUBLICATION, DISTRIBUTION, MANUFACTURE, AND COPYRIGHT NOTICE |
| Place of production, publication, distribution, manufacture |
Göttingen : |
| Name of producer, publisher, distributor, manufacturer |
V & R unipress, Universitätsverlag Osnabrück, |
| Date of production, publication, distribution, manufacture, or copyright notice |
[2017] |
| 264 #4 - PRODUCTION, PUBLICATION, DISTRIBUTION, MANUFACTURE, AND COPYRIGHT NOTICE |
| Date of production, publication, distribution, manufacture, or copyright notice |
©2017 |
| 300 ## - PHYSICAL DESCRIPTION |
| Extent |
255 pages : |
| Other physical details |
illustrations ; |
| Dimensions |
24 cm. |
| 336 ## - CONTENT TYPE |
| Content type term |
text |
| Content type code |
txt |
| Source |
rdacontent |
| 337 ## - MEDIA TYPE |
| Media type term |
unmediated |
| Media type code |
n |
| Source |
rdamedia |
| 338 ## - CARRIER TYPE |
| Carrier type term |
volume |
| Carrier type code |
nc |
| Source |
rdacarrier |
| 490 0# - SERIES STATEMENT |
| Series statement |
Pflegewissenschaft und Pflegebildung, |
| International Standard Serial Number |
2198-6193 ; |
| Volume/sequential designation |
Band 14 |
| 490 0# - SERIES STATEMENT |
| Series statement |
V&R academic |
| 504 ## - BIBLIOGRAPHY, ETC. NOTE |
| Bibliography, etc. note |
Includes bibliographical references and indexes. |
| 505 00 - FORMATTED CONTENTS NOTE |
| Title |
Nietzsche and the right to die: a critical dialectic of access to euthanasia or medical aid in dying / |
| Statement of responsibility |
Pawel J. Krol. |
| Title |
Neoliberal Demolition of the NHS: challenges of caring in a corporate culture / |
| Statement of responsibility |
David Mercer, Maria Flynn -- |
| Title |
Privileging practices: manifesto for "new nursing studies" / |
| Statement of responsibility |
Christine Ceci, Jeannette Pols, Mary Ellen Purkis -- |
| Title |
Care: existential assets and nonpartisan justice: on several ethical aporiae of care professions / |
| Statement of responsibility |
Hartmut Remmers -- |
| Title |
Nursing and critique: elements for a theory in nursing / |
| Statement of responsibility |
Heiner Friesacher -- |
| Title |
The limits of a theory of recognition: toward a nursing ethics of vulnerability / |
| Statement of responsibility |
Thomas Foth, Kim Lauzier, Katrin Antweiler -- |
| Title |
Professional responsibility and technologically informed decision making: the rise and demise of the compassionate algorithm / |
| Statement of responsibility |
Dawn Freshwater, Jane Cahill -- |
| Title |
Mimesis in nursing practice: the hermeneutical potential of the body to understand patients' lived experiences / |
| Statement of responsibility |
Manfred Hülsken-Giesler -- |
| Title |
The reflective practitioner as critical theorist / |
| Statement of responsibility |
Gary Rolfe -- |
| Title |
A nursing didactics model based on a constellational and critical identity perspective / |
| Statement of responsibility |
Ulrike Greb -- |
| Title |
Rationalization of nursing in West Germany and the United States, 1945-1970 / |
| Statement of responsibility |
Susanne Kreutzer -- |
| Title |
Nietzsche and the right to die: a critical dialectic of access to euthanasia or medical aid in dying / |
| Statement of responsibility |
Pawel J. Krol. |
| 650 #0 - SUBJECT ADDED ENTRY--TOPICAL TERM |
| Topical term or geographic name entry element |
Nursing ethics. |
| 650 #0 - SUBJECT ADDED ENTRY--TOPICAL TERM |
| Topical term or geographic name entry element |
Nursing |
| General subdivision |
Philosophy. |
| 650 #0 - SUBJECT ADDED ENTRY--TOPICAL TERM |
| Topical term or geographic name entry element |
Nursing |
| General subdivision |
Research. |
| 650 #0 - SUBJECT ADDED ENTRY--TOPICAL TERM |
| Topical term or geographic name entry element |
Nursing |
| General subdivision |
Practice. |
| 650 12 - SUBJECT ADDED ENTRY--TOPICAL TERM |
| Topical term or geographic name entry element |
Nursing Theory. |
| 650 #7 - SUBJECT ADDED ENTRY--TOPICAL TERM |
| Topical term or geographic name entry element |
Nursing ethics. |
| Source of heading or term |
fast |
| Authority record control number or standard number |
(OCoLC)fst01041889 |
| 650 #7 - SUBJECT ADDED ENTRY--TOPICAL TERM |
| Topical term or geographic name entry element |
Nursing |
| General subdivision |
Philosophy. |
| Source of heading or term |
fast |
| Authority record control number or standard number |
(OCoLC)fst01041792 |
| 650 #7 - SUBJECT ADDED ENTRY--TOPICAL TERM |
| Topical term or geographic name entry element |
Nursing |
| General subdivision |
Practice. |
| Source of heading or term |
fast |
| Authority record control number or standard number |
(OCoLC)fst01041799 |
| 650 #7 - SUBJECT ADDED ENTRY--TOPICAL TERM |
| Topical term or geographic name entry element |
Nursing |
| General subdivision |
Research. |
| Source of heading or term |
fast |
| Authority record control number or standard number |
(OCoLC)fst01041814 |
| 700 1# - ADDED ENTRY--PERSONAL NAME |
| Personal name |
Foth, Thomas, |
| Relator term |
editor. |
| 700 1# - ADDED ENTRY--PERSONAL NAME |
| Personal name |
Holmes, Dave, |
| Dates associated with a name |
1967- |
| Relator term |
editor. |
| 700 1# - ADDED ENTRY--PERSONAL NAME |
| Personal name |
Hülsken-Giesler, Manfred, |
| Relator term |
editor. |
| 700 1# - ADDED ENTRY--PERSONAL NAME |
| Personal name |
Kreutzer, Susanne, |
| Relator term |
editor. |
| 700 1# - ADDED ENTRY--PERSONAL NAME |
| Personal name |
Remmers, Hartmut, |
| Relator term |
editor. |
| 830 #0 - SERIES ADDED ENTRY--UNIFORM TITLE |
| Uniform title |
Pflegewissenschaft und Pflegebildung ; |
| Volume/sequential designation |
Bd. 14. |
| International Standard Serial Number |
2198-6193 |
| 830 #0 - SERIES ADDED ENTRY--UNIFORM TITLE |
| Uniform title |
V&R academic. |
| 906 ## - LOCAL DATA ELEMENT F, LDF (RLIN) |
| a |
7 |
| b |
cbc |
| c |
pccadap |
| d |
2 |
| e |
ncip |
| f |
20 |
| g |
y-gencatlg |
| 925 0# - |
| -- |
acquire |
| -- |
1 shelf copy |
| -- |
policy default |